US State Mammals - Statistics

General Stats
  • This quiz has been taken 43 times
  • The average score is 43 of 70
Answer Stats
State Mammal % Correct
New Mexico American black bear
86%
West Virginia American black bear
86%
Alabama Black bear
86%
Louisiana Black bear
86%
California California grizzly bear
86%
Montana Grizzly bear
86%
Washington Orca
80%
Alaska Bowhead whale
77%
California Gray whale
77%
Hawaii Humpback whale
77%
Georgia Right whale
77%
Massachusetts Right whale
77%
South Carolina Right whale
77%
Connecticut Sperm whale
77%
New Hampshire Bobcat
74%
Mississippi Bottlenose dolphin
74%
South Carolina Bottlenose dolphin
74%
Maryland Calico cat
74%
Florida Dolphin
74%
Maine Maine Coon cat
74%
Massachusetts Tabby cat
74%
Arkansas White-tailed deer
74%
Georgia White-tailed deer
74%
Illinois White-tailed deer
74%
Michigan White-tailed deer
74%
Mississippi White-tailed deer
74%
Nebraska White-tailed deer
74%
New Hampshire White-tailed deer
74%
Ohio White-tailed deer
74%
Pennsylvania White-tailed deer
74%
South Carolina White-tailed deer
74%
Wisconsin White-tailed deer
74%
Kansas American bison
66%
Wyoming American bison
66%
Texas Texas Longhorn
66%
Wisconsin Dairy cow
63%
Vermont Randall Lineback
63%
Alaska Moose
60%
Maine Moose
60%
New York Beaver
57%
Oregon Beaver
57%
Nevada Desert bighorn sheep
54%
Delaware Gray fox
54%
Mississippi Red fox
54%
Colorado Rocky Mountain bighorn sheep
54%
Utah Rocky Mountain elk
51%
Oklahoma Buffalo
49%
New Jersey Horse
49%
Florida Manatee
49%
Oklahoma Raccoon
49%
Tennessee Raccoon
49%
Alabama West Indian manatee
49%
Wisconsin American badger
46%
District of Columbia Big brown bat
46%
South Dakota Coyote
46%
North Carolina Eastern gray squirrel
46%
Florida Florida panther
46%
Kentucky Gray squirrel
46%
Rhode Island Harbor seal
46%
Hawaii Hawaiian hoary bat
46%
Hawaii Hawaiian monk seal
46%
Oklahoma Mexican free-tailed bat
46%
Texas Mexican free-tailed bat
46%
Virginia Virginia big-eared bat
46%
North Carolina Virginia opossum
46%
Arizona Ringtail
34%
Texas Nine-banded armadillo
26%
Missouri Missouri mule
14%
South Carolina Mule
14%
Washington Olympic marmot
14%
No matching quizzes found
Score Distribution
Percent of People with Each Score
Percentile by Number Answered
Your Score History
You have not taken this quiz